| 000 | 01859cam a22004454a 4500 | ||
|---|---|---|---|
| 001 | 15892058 | ||
| 003 | OSt | ||
| 005 | 20140310182517.0 | ||
| 008 | 090901s2011 paua b 001 0 eng | ||
| 010 | _a 2009036495 | ||
| 016 | 7 |
_a101514351 _2DNLM |
|
| 020 | _a9781605476735 | ||
| 020 | _a1605476730 | ||
| 020 | _a9781609133214 (International ed.) | ||
| 020 | _a1609133218 (International ed.) | ||
| 035 | _a(OCoLC)ocn435728489 | ||
| 040 |
_aDNLM/DLC _cDLC _dBTCTA _dNLM _dC#P _dCDX _dYDXCP _dSINPL _dDLC |
||
| 042 | _apcc | ||
| 050 | 0 | 0 |
_aQP 41.2 _b.B88 2011 |
| 100 | 1 |
_aEngelkirk, Paul G. _99148 |
|
| 245 | 1 | 0 |
_aBurton's microbiology for the health sciences / _cPaul G. Engelkirk, Janet Duben-Engelkirk. |
| 246 | 3 | 0 | _aMicrobiology for the health sciences |
| 250 | _a9th ed. | ||
| 260 |
_aPhiladelphia : _bWolters Kluwer Health/Lippincott Williams & Wilkins, _cc2011. |
||
| 300 |
_a433 p. : _bcol. ill. ; _c28 cm. _e1 CD-ROM (4 3/4 in.) |
||
| 500 | _aIncludes bibliographical references and index. | ||
| 650 | 0 |
_aMicrobiology. _97967 |
|
| 650 | 0 |
_aMedical microbiology. _97968 |
|
| 650 | 0 |
_aAllied health personnel. _98842 |
|
| 650 | 1 | 2 |
_aMicrobiological Processes. _99057 |
| 650 | 2 | 2 |
_aCommunicable Diseases _xmicrobiology. _99229 |
| 700 | 1 |
_aDuben-Engelkirk, Janet L. _99230 |
|
| 700 | 1 |
_aBurton, Gwendolyn R. W. _q(Gwendolyn R. Wilson) _99231 |
|
| 856 | 4 | 2 |
_3Publisher description _uhttp://www.loc.gov/catdir/enhancements/fy1010/2009036495-d.html |
| 856 | 4 | 1 |
_3Table of contents only _uhttp://www.loc.gov/catdir/enhancements/fy1012/2009036495-t.html |
| 906 |
_a7 _bcbc _corignew _d1 _eecip _f20 _gy-gencatlg |
||
| 942 |
_2lcc _cSSLC |
||
| 999 |
_c13981 _d13981 |
||